First and Last Names of characters from "The Wire" - Statistics

General Stats
  • This quiz has been taken 58 times
  • The average score is 5 of 15
Answer Stats
Hint Answer % Correct
D D'Angelo Barksdale
76%
Stringer Russell Bell
76%
Prez Roland Pryzbylewski
54%
Bodie Preston Broadus
52%
Cutty Dennis Wise
48%
Snoop Felicia Pearson
43%
Wee-Bey Roland Brice
41%
Herc Thomas Hauk
39%
Poot Malik Carr
35%
Bubbles Reginald Cousins
31%
Prop Joe Joseph Stewart
20%
Stinkum Anton Artis
11%
Cheese Calvin Wagstaff
6%
Little Man Wintell Royce
2%
Beadie Beatrice Russell
0%
No matching quizzes found
Score Distribution
Percent of People with Each Score
Percentile by Number Answered
Your Score History
You have not taken this quiz